Report regarding the possibility of introdcuing la (Record no. 695675)

MARC details
000 -LEADER
fixed length control field 00659nam a2200241Ia 4500
003 - CONTROL NUMBER IDENTIFIER
control field OSt
005 - DATE AND TIME OF LATEST TRANSACTION
control field 20220927110341.0
008 - FIXED-LENGTH DATA ELEMENTS--GENERAL INFORMATION
fixed length control field 220926b |||||||| |||| 00| 0 eng d
037 ## - SOURCE OF ACQUISITION
Terms of availability Reports
040 ## - CATALOGING SOURCE
Original cataloging agency RTL
Transcribing agency RTL
Language of cataloging eng
041 ## - LANGUAGE CODE
Source of code eng
Language code of text/sound track or separate title eng
110 ## - MAIN ENTRY--CORPORATE NAME
Corporate name or jurisdiction name as entry element Reserve Bank Of India
245 #0 - TITLE STATEMENT
Title Report regarding the possibility of introdcuing la
260 ## - PUBLICATION, DISTRIBUTION, ETC.
Date of publication, distribution, etc. 1960
650 ## - SUBJECT ADDED ENTRY--TOPICAL TERM
Topical term or geographic name entry element Commercial Bank
9 (RLIN) 376421
700 ## - ADDED ENTRY--PERSONAL NAME
Personal name Reserve Bank Of India
942 ## - ADDED ENTRY ELEMENTS (KOHA)
Classification part "X6261.211.M92t, K0.1"
Koha item type

No items available.

Copyright @ Delhi University Library System